[Event "Let's Play Chess!"]
[Site "http://www.queenalice.com/game.php?id=1801403"]
[Date "2022.12.6"]
[Round "-"]
[White "lmtz"]
[Black "igor12345"]
[Result "0-1"]
[WhiteElo "2605"]
[BlackElo "2127"]

1. e4 c5 2. Nf3 d6 3. d4 cxd4 4. Nxd4 Nf6 5. Nc3 e5 6. Bb5+ Bd7 7. Bxd7+ Qxd7 8.
Nf5 g6 9. Ne3 a6 10. Ned5 Nxd5 11. Nxd5 Qd8 12. Be3 Nc6 13. Bb6 Qc8 14. Nc7+ Ke7
15. Qd2 Rb8 16. Nd5+ Ke6 17. f4 f5 18. fxe5 dxe5 19. Rf1 f4 20. Nxf4+ exf4 0-1

[Event "Let's Play Chess!"]
[Site "http://www.queenalice.com/game.php?id=1801749"]
[Date "2022.12.12"]
[Round "-"]
[White "igor12345"]
[Black "lmtz"]
[Result "1-0"]
[WhiteElo "2198"]
[BlackElo "2546"]

1. e4 c5 2. Nf3 d6 3. d4 cxd4 4. Nxd4 Nf6 5. Nc3 a6 6. Bg5 e6 7. Bc4 Be7 8. a3
h6 9. Bd2 Bd7 10. O-O Nc6 11. Nde2 O-O 12. Rb1 b5 13. Bb3 Rc8 14. h3 Na5 15. Ba2
Nc4 16. Nd4 a5 17. Ndxb5 Nxd2 18. Qxd2 Nxe4 19. Nxe4 Bxb5 20. Rfe1 Qb6 21. Kh1
d5 22. Nc3 Bc6 23. Ne2 1-0

[Event "Let's Play Chess!"]
[Site "http://www.queenalice.com/game.php?id=1801915"]
[Date "2022.12.14"]
[Round "-"]
[White "lmtz"]
[Black "igor12345"]
[Result "0-1"]
[WhiteElo "2561"]
[BlackElo "2175"]

1. e4 c5 2. Nf3 d6 3. d4 cxd4 4. Nxd4 Nf6 5. Nc3 a6 6. Bg5 e6 7. f4 Be7 8. Qf3
Bd7 9. O-O-O Bc6 10. Nxc6 Nxc6 11. e5 Nd5 12. Nxd5 Bxg5 13. exd6 exd5 14. fxg5
Qxd6 15. Bc4 O-O 16. Bxd5 Qc7 17. Kb1 Rac8 18. c3 b5 19. Rhe1 b4 20. Rc1 Qd6 0-1

[Event "Let's Play Chess!"]
[Site "http://www.queenalice.com/game.php?id=1802004"]
[Date "2022.12.16"]
[Round "-"]
[White "lmtz"]
[Black "igor12345"]
[Result "0-1"]
[WhiteElo "2591"]
[BlackElo "2152"]

1. e4 c5 2. Nf3 d6 3. d4 cxd4 4. Nxd4 Nf6 5. Nc3 Bd7 6. Bg5 e6 7. Qd2 Nc6 8.
Ndb5 Bc8 9. O-O-O Be7 10. Nxd6+ Bxd6 11. Qxd6 Qxd6 12. Rxd6 a6 13. Bc4 Na5 14.
Rhd1 O-O 15. Be2 Nc6 16. f3 Ne8 17. R6d2 f6 18. Be3 Nc7 0-1

[Event "England vs France"]
[Site "http://www.queenalice.com/game.php?id=1802369"]
[Date "2022.12.20"]
[Round "-"]
[White "gizmokaka"]
[Black "lmtz"]
[Result "1-0"]
[WhiteElo "2489"]
[BlackElo "2197"]

1. d4 Nf6 2. c4 e6 3. Nf3 d5 4. Nc3 Bb4 5. Bg5 Nbd7 6. cxd5 exd5 7. Qc2 c5 8. e3
Qa5 9. Bd3 c4 10. Bf5 O-O 11. O-O Re8 12. h3 g6 13. Bxd7 Nxd7 14. Nh2 Kg7 15. f3
h6 16. Bf4 g5 17. Bg3 Rxe3 18. Ng4 Bxc3 19. bxc3 Rxc3 20. Qe2 Qd8 21. Rae1 h5
22. Qf2 Ra3 23. Bd6 Ra6 24. f4 Rxd6 25. fxg5 f5 26. Qxf5 Qf8 27. Nh6 Nf6 28.
gxf6+ Kxh6 29. Qf4+ Kg6 30. Qg3+ Bg4 31. f7 Kh7 32. hxg4 Rh6 33. gxh5 b5 34. Qg5
b4 35. Re7 Rb6 36. Rf4 Rc8 37. Rg4 Rcc6 38. Qg7+ Qxg7 39. f8=Q Qxe7 40. Qxe7+
Kh6 41. Qg7+ 1-0

[Event "France vs England"]
[Site "http://www.queenalice.com/game.php?id=1802370"]
[Date "2022.12.20"]
[Round "-"]
[White "lmtz"]
[Black "gizmokaka"]
[Result "1/2-1/2"]
[WhiteElo "2236"]
[BlackElo "2478"]

1. e4 e5 2. Nf3 Nc6 3. Bb5 a6 4. Ba4 Nf6 5. O-O Be7 6. Re1 b5 7. Bb3 O-O 8. c3
d5 9. exd5 Nxd5 10. Nxe5 Nxe5 11. Rxe5 c6 12. d4 Bd6 13. Re1 Qh4 14. g3 Qh3 15.
Be3 Bg4 16. Qd3 f5 17. f4 Kh8 18. Bxd5 cxd5 19. Nd2 Qh5 20. a4 bxa4 21. Rxa4 a5
22. Qb5 g5 23. Qf1 h6 24. Qf2 Rae8 25. Raa1 Re7 26. Rxa5 gxf4 27. Bxf4 Rxe1+ 28.
Qxe1 Bxf4 29. gxf4 Re8 30. Qf2 Re2 31. Ra8+ Kg7 32. Ra7+ Kg8 33. Ra8+ Kf7 34.
Ra7+ Kf6 35. Ra6+ Kf7 36. Ra7+ Kf6 37. Ra6+ Kg7 38. Ra7+ Kh8 39. Ra8+ Kh7 40.
Ra7+ Kg6 41. Ra6+ Kh7 42. Ra7+ Kg8 43. Ra8+ Kg7 44. Ra7+ 1/2-1/2

[Event "Let's Play Chess!"]
[Site "http://www.queenalice.com/game.php?id=1803217"]
[Date "2023.1.5"]
[Round "-"]
[White "igor12345"]
[Black "lmtz"]
[Result "1-0"]
[WhiteElo "2184"]
[BlackElo "2526"]

1. e4 c5 2. Nf3 d6 3. d4 cxd4 4. Nxd4 Nf6 5. Nc3 a6 6. a3 e5 7. Nb3 Be6 8. Be3
Be7 9. Be2 O-O 10. O-O Nbd7 11. f4 exf4 12. Bxf4 Re8 13. Nd4 Rc8 14. Kh1 Bf8 15.
Bg5 Qb6 16. Rb1 Qc5 17. Be3 Bc4 18. Nf5 Bxe2 19. Qxe2 Qc4 20. Qxc4 1-0

[Event "Let's Play Chess!"]
[Site "http://www.queenalice.com/game.php?id=1803564"]
[Date "2023.1.9"]
[Round "-"]
[White "lmtz"]
[Black "igor12345"]
[Result "0-1"]
[WhiteElo "2511"]
[BlackElo "2206"]

1. e4 c5 2. Nf3 d6 3. d4 cxd4 4. Nxd4 Nf6 5. Nc3 e5 6. Bb5+ Bd7 7. Bxd7+ Qxd7 8.
Nf5 Nc6 9. f3 a6 10. Bg5 h6 11. Bxf6 gxf6 12. Nd5 Qd8 13. Qd2 b5 14. Qc3 Rc8 15.
a4 Nd4 0-1

[Event "Let's Play Chess!"]
[Site "http://www.queenalice.com/game.php?id=1803766"]
[Date "2023.1.12"]
[Round "-"]
[White "lmtz"]
[Black "igor12345"]
[Result "0-1"]
[WhiteElo "2487"]
[BlackElo "2151"]

1. e4 c5 2. Nf3 Nc6 3. Bb5 a6 4. Bxc6 dxc6 5. d3 Bg4 6. h3 Bh5 7. g4 Bg6 8. h4
f6 9. h5 Bf7 10. Be3 e5 11. Nbd2 b5 12. Nh4 Be6 13. Qe2 Bd6 14. Nf5 Bf8 15. f4
Bxf5 16. exf5 Qd6 17. a4 Be7 18. axb5 cxb5 19. Qf3 Qd8 20. fxe5 fxe5 21. h6 gxh6
22. Qc6+ Kf8 23. Ne4 Bh4+ 24. Ke2 Rc8 25. Bxh6+ Nxh6 0-1

[Event "Let's Play Chess!"]
[Site "http://www.queenalice.com/game.php?id=1803810"]
[Date "2023.1.12"]
[Round "-"]
[White "igor12345"]
[Black "lmtz"]
[Result "1-0"]
[WhiteElo "2173"]
[BlackElo "2472"]

1. e4 c5 2. Nf3 d6 3. d4 cxd4 4. Nxd4 Nf6 5. Nc3 a6 6. a3 e5 7. Nf3 b5 8. Bg5
Be7 9. Be2 Nbd7 10. O-O Bb7 11. Nd2 Rc8 12. Kh1 O-O 13. f4 h6 14. Bh4 exf4 15.
Bxf6 Bxf6 16. Rxf4 Rxc3 17. bxc3 Bxc3 18. Rb1 Qg5 19. g3 Nc5 20. Nf3 Qe7 21. Bd3
g5 22. Rf5 Nxe4 23. Kg1 Re8 24. Qe2 Qd7 25. Bxb5 axb5 26. Qxb5 1-0

[Event "Let's Play Chess!"]
[Site "http://www.queenalice.com/game.php?id=1805371"]
[Date "2023.2.5"]
[Round "-"]
[White "lmtz"]
[Black "igor12345"]
[Result "0-1"]
[WhiteElo "2429"]
[BlackElo "2107"]

1. e4 c5 2. Nf3 d6 3. d4 cxd4 4. Nxd4 Nf6 5. Nc3 a6 6. Bg5 e6 7. f4 Be7 8. Qf3
Qc7 9. O-O-O Nc6 10. g4 Bd7 11. Bh4 O-O-O 12. g5 Ne8 13. Bf2 f6 14. f5 e5 15.
Nd5 Qa5 0-1

[Event "Let's Play Chess!"]
[Site "http://www.queenalice.com/game.php?id=1805579"]
[Date "2023.2.5"]
[Round "-"]
[White "igor12345"]
[Black "lmtz"]
[Result "0-1"]
[WhiteElo "2109"]
[BlackElo "2458"]

1. e4 e5 2. f4 exf4 3. Nf3 g5 4. h3 d6 5. Bc4 h6 6. d3 Bg7 7. Nc3 Ne7 8. O-O O-O
9. Qd2 Ng6 10. Qf2 Nc6 11. a3 Nh4 12. Nxh4 Bd4 0-1

[Event "Let's Play Chess!"]
[Site "http://www.queenalice.com/game.php?id=1806144"]
[Date "2023.2.17"]
[Round "-"]
[White "igor12345"]
[Black "lmtz"]
[Result "1-0"]
[WhiteElo "2065"]
[BlackElo "2400"]

1. e4 c5 2. Nf3 d6 3. d4 cxd4 4. Nxd4 Nf6 5. Nc3 a6 6. a3 e5 7. Nf3 b5 8. Bg5
Be7 9. Bd3 Nbd7 10. O-O h6 11. Bh4 Bb7 12. Nd2 Rc8 13. f4 exf4 14. Rxf4 g5 15.
Rxf6 Bxf6 16. Bg3 Nc5 17. Rb1 Bd4+ 18. Kh1 Nxd3 19. cxd3 Bxc3 20. bxc3 Rxc3 21.
Rb3 Rxb3 22. Nxb3 O-O 23. Nd4 Qf6 24. Nf5 d5 25. Nd6 dxe4 26. dxe4 Rd8 27. e5
1-0

[Event "Let's Play Chess!"]
[Site "http://www.queenalice.com/game.php?id=1806344"]
[Date "2023.2.20"]
[Round "-"]
[White "lmtz"]
[Black "igor12345"]
[Result "0-1"]
[WhiteElo "2415"]
[BlackElo "2060"]

1. e4 c5 2. Nf3 d6 3. d4 cxd4 4. Nxd4 Nf6 5. Nc3 a6 6. Bg5 e6 7. f4 Be7 8. Qf3
Qc7 9. O-O-O e5 10. Bxf6 Bxf6 11. Bb5+ axb5 12. Ndxb5 Qc5 13. Rd5 Qc6 0-1

[Event "Let's Play Chess!"]
[Site "http://www.queenalice.com/game.php?id=1806939"]
[Date "2023.2.28"]
[Round "-"]
[White "igor12345"]
[Black "lmtz"]
[Result "1-0"]
[WhiteElo "2092"]
[BlackElo "2357"]

1. e4 c5 2. Nf3 d6 3. d4 cxd4 4. Nxd4 Nf6 5. Nc3 a6 6. a4 e5 7. Nb3 Be6 8. Bg5
Nbd7 9. Be2 Be7 10. O-O O-O 11. f4 h6 12. Bxf6 Nxf6 13. f5 Bd7 14. Kh1 Bc6 15.
Bf3 b5 16. axb5 axb5 17. Nd2 Qd7 18. b4 Rfc8 19. Qe2 d5 20. Rxa8 Bxa8 21. Nxb5
1-0

[Event "Let's Play Chess!"]
[Site "http://www.queenalice.com/game.php?id=1806940"]
[Date "2023.2.28"]
[Round "-"]
[White "lmtz"]
[Black "igor12345"]
[Result "0-1"]
[WhiteElo "2377"]
[BlackElo "2100"]

1. e4 c5 2. Nf3 d6 3. d4 cxd4 4. Nxd4 Nf6 5. Nc3 a6 6. Bg5 e6 7. f4 Be7 8. Qf3
Qc7 9. O-O-O Nc6 10. g4 Bd7 11. Bh4 Nxd4 12. Rxd4 e5 13. Rc4 Qb8 14. g5 Ng8 15.
Nd5 Bd8 16. g6 b5 0-1

[Event "Let's Play Chess!"]
[Site "http://www.queenalice.com/game.php?id=1807047"]
[Date "2023.3.3"]
[Round "-"]
[White "lmtz"]
[Black "igor12345"]
[Result "1-0"]
[WhiteElo "2337"]
[BlackElo "1965"]

1. e4 c5 2. Nf3 d6 3. d4 cxd4 4. Nxd4 Nf6 5. Nc3 Nc6 6. Bg5 Nxd4 7. Qxd4 e5 8.
Qa4+ Bd7 9. Bb5 Be7 10. Bxf6 Bxf6 11. Nd5 Bxb5 12. Qxb5+ Qd7 13. Nc7+ Ke7 14.
Qxd7+ Kxd7 15. Nxa8 Rxa8 16. Ke2 Rc8 17. c3 Rc4 18. f3 b6 19. Rhd1 g5 20. Rd5
Be7 21. Kd3 Rc8 22. Rd1 Kc6 23. Ke3 a6 24. a4 f6 25. b4 Kd7 26. Kd3 Kc6 27. a5
b5 28. c4 bxc4+ 29. Kxc4 Kb7+ 30. Kb3 Rb8 31. Rxd6 Bxd6 32. Rxd6 Rf8 33. Rd7+
Kc6 34. Rxh7 Rd8 35. Ra7 Rd3+ 36. Ka4 1-0

[Event "Let's Play Chess!"]
[Site "http://www.queenalice.com/game.php?id=1808447"]
[Date "2023.3.22"]
[Round "-"]
[White "igor12345"]
[Black "lmtz"]
[Result "1-0"]
[WhiteElo "1986"]
[BlackElo "2338"]

1. e4 c5 2. Nf3 d6 3. d4 cxd4 4. Nxd4 Nf6 5. Nc3 a6 6. a3 e5 7. Nf3 b5 8. Bg5
Be7 9. Bxf6 Bxf6 10. Nd5 Bb7 11. c4 O-O 12. b4 bxc4 13. Bxc4 Nd7 14. O-O Nb6 15.
Nxf6+ Qxf6 16. Bd3 d5 17. Re1 d4 18. Rc1 Rfc8 19. Qb3 Qf4 20. Rc2 g6 21. a4 Rxc2
22. Bxc2 Rc8 23. a5 Rc3 24. Qb1 Nc4 25. Qd1 1-0

[Event "Let's Play Chess!"]
[Site "http://www.queenalice.com/game.php?id=1809736"]
[Date "2023.4.10"]
[Round "-"]
[White "lmtz"]
[Black "igor12345"]
[Result "0-1"]
[WhiteElo "2315"]
[BlackElo "1977"]

1. e4 c5 2. Nf3 d6 3. d4 cxd4 4. Nxd4 Nf6 5. Nc3 a6 6. Bg5 e6 7. f4 Be7 8. Qf3
Qc7 9. O-O-O Nc6 10. g4 Nxd4 11. Rxd4 b5 12. Bg2 e5 13. Bxf6 Bxf6 14. Nd5 Qd8
15. Rd3 exf4 0-1

[Event "Let's Play Chess!"]
[Site "http://www.queenalice.com/game.php?id=1810004"]
[Date "2023.4.16"]
[Round "-"]
[White "igor12345"]
[Black "lmtz"]
[Result "1-0"]
[WhiteElo "2017"]
[BlackElo "2293"]

1. e4 c5 2. Nf3 d6 3. d4 cxd4 4. Nxd4 Nf6 5. Nc3 a6 6. a3 e5 7. Nf3 b5 8. Be2
Bb7 9. Bg5 Nbd7 10. O-O h6 11. Bh4 Be7 12. Nd2 O-O 13. f4 exf4 14. Rxf4 g5 15.
Rxf6 1-0

[Event "Let's Play Chess!"]
[Site "http://www.queenalice.com/game.php?id=1810740"]
[Date "2023.4.26"]
[Round "-"]
[White "lmtz"]
[Black "igor12345"]
[Result "0-1"]
[WhiteElo "2273"]
[BlackElo "2032"]

1. e4 c5 2. Nf3 d6 3. d4 cxd4 4. Nxd4 Nf6 5. Nc3 e5 6. Bb5+ Bd7 7. Bxd7+ Nbxd7
8. Nf5 h6 9. Nxd6+ Bxd6 10. Qxd6 Qe7 11. Qxe7+ Kxe7 12. f3 a6 13. Be3 b5 14.
O-O-O Rhd8 15. Rd2 Rac8 16. Rhd1 Nf8 0-1

[Event "Let's Play Chess!"]
[Site "http://www.queenalice.com/game.php?id=1810901"]
[Date "2023.5.1"]
[Round "-"]
[White "igor12345"]
[Black "lmtz"]
[Result "1-0"]
[WhiteElo "2040"]
[BlackElo "2254"]

1. e4 c5 2. Nf3 d6 3. d4 cxd4 4. Nxd4 Nf6 5. Nc3 a6 6. a3 e5 7. Nf3 b5 8. Bg5
Be7 9. Bxf6 Bxf6 10. Nd5 Bb7 11. c4 O-O 12. Qd2 Nd7 13. Qb4 Nc5 14. Nd2 Bg5 15.
f3 f5 16. cxb5 fxe4 17. fxe4 1-0

[Event "Let's Play Chess!"]
[Site "http://www.queenalice.com/game.php?id=1811677"]
[Date "2023.5.12"]
[Round "-"]
[White "lmtz"]
[Black "igor12345"]
[Result "0-1"]
[WhiteElo "2243"]
[BlackElo "2071"]

1. e4 c5 2. Nf3 d6 3. d4 cxd4 4. Nxd4 Nf6 5. Nc3 Bg4 6. f3 Bd7 7. Be3 a6 8. Qd2
b5 9. g4 e5 10. Nf5 Be6 11. O-O-O Bxf5 12. exf5 Nc6 13. g5 Nd7 14. f4 Qc7 15.
Nd5 O-O-O 0-1

[Event "Let's Play Chess!"]
[Site "http://www.queenalice.com/game.php?id=1812182"]
[Date "2023.5.20"]
[Round "-"]
[White "igor12345"]
[Black "lmtz"]
[Result "1-0"]
[WhiteElo "2012"]
[BlackElo "2215"]

1. e4 c5 2. Nf3 d6 3. d4 cxd4 4. Nxd4 Nf6 5. Nc3 a6 6. Bg5 e6 7. Bc4 Be7 8. O-O
b5 9. Bb3 O-O 10. a3 Bb7 11. Kh1 Nxe4 12. Nxe4 Bxe4 13. Bxe7 Qxe7 14. f3 Bb7 15.
Ne2 Nd7 16. c3 Ne5 17. Qd4 Rac8 18. Rad1 Rfd8 19. Rfe1 Rc5 20. Ng3 Bxf3 21. gxf3
Nxf3 22. Qe3 Nxe1 23. Rxe1 Re5 24. Qf2 Rxe1+ 25. Qxe1 d5 26. Qe3 Qh4 27. Qd4
Qxd4 28. cxd4 Rc8 29. Ne2 1-0

[Event "Challenge"]
[Site "http://www.queenalice.com/game.php?id=1812445"]
[Date "2023.5.23"]
[Round "-"]
[White "JORAM2205"]
[Black "lmtz"]
[Result "1-0"]
[WhiteElo "2268"]
[BlackElo "2226"]

1. e4 c5 2. Ne2 d6 3. d4 cxd4 4. Nxd4 Nf6 5. Nc3 a6 6. Bg5 e6 7. Qf3 h6 8. Bh4
Nbd7 9. Be2 Be7 10. O-O Qb6 11. Nb3 Ne5 12. Qh3 Ng6 13. Bxf6 Bxf6 14. Qg3 Bd7
15. a4 Rc8 16. Bh5 Be5 17. Qf3 Nf4 18. a5 Qd8 19. Bg4 1-0